LEADER 00933nam0-22003371i-450- 001 990007746030403321 005 20120917113355.0 035 $a000774603 035 $aFED01000774603 035 $a(Aleph)000774603FED01 035 $a000774603 100 $a20120917d1947----km-y0itay50------ba 101 0 $aita 102 $aIT 200 1 $aManuale del diritto della navigazione marittima e interna$fAntonio Brunetti 210 $aPadova$cCedam$d1947 215 $aXI , 472 p.$d24 cm 676 $a343.096 676 $a342.096 700 1$aBrunetti,$bAntonio$081448 801 0$aIT$bUNINA$gRICA$2UNIMARC 901 $aBK 912 $a990007746030403321 952 $a29-C-84$b714 nav.$fDDCP 952 $aDPR 33-133$b020956$fDEC 952 $aVIII N 150$b27449$fFGBC 959 $aDDCP 959 $aDEC 959 $aFGBC 996 $aManuale del diritto della navigazione marittima e interna$9665307 997 $aUNINA